000 00609nam a2200217 i 4500
001 146811
003 ES-MaACL
005 20230906201659.0
007 t|
008 070918s1908 fr ||||1| fre d
080 _a617.7
100 1 _aTruc, H.
_9111539
245 1 0 _aNouveaux éléments d'ophtalmologie /
_cpar H. Truc, E. Valude et H. Frenkel.
250 _a2ª ed.
260 _aParis :
_b[Evreux-Charles Herissey],
_c1908.
300 _aXVI, 981 p. ;
_c25 cm.
650 1 4 _aOftalmología.
_915693
700 1 _aValude, E.
_9112998
700 1 _aFrenkek, H.
_952511
852 _aES-MaACL
_jB-11180
999 _c146811
_d146811